Compliance with goodwill-related mandatory disclosure requirements and the cost of equity capital (Record no. 329467)
[ view plain ]
| 000 -LEADER | |
|---|---|
| fixed length control field | 00626nam a2200181Ia 4500 |
| 008 - FIXED-LENGTH DATA ELEMENTS--GENERAL INFORMATION | |
| fixed length control field | 170419s9999 xx 000 0 und d |
| 100 ## - MAIN ENTRY--PERSONAL NAME | |
| Personal name | Mazzi, Francesco. |
| 245 ## - TITLE STATEMENT | |
| Title | Compliance with goodwill-related mandatory disclosure requirements and the cost of equity capital |
| 245 ## - TITLE STATEMENT | |
| Statement of responsibility, etc | Francesco Mazzi, Paul André, Dionysia Dionysiou & Ioannis Tsalavoutas. |
| 260 ## - PUBLICATION, DISTRIBUTION, ETC. (IMPRINT) | |
| Name of publisher, distributor, etc | Routledge: Taylor & Francis Group |
| 260 ## - PUBLICATION, DISTRIBUTION, ETC. (IMPRINT) | |
| Date of publication, distribution, etc | 2017 |
| 300 ## - PHYSICAL DESCRIPTION | |
| Extent | April |
| 440 ## - SERIES STATEMENT/ADDED ENTRY--TITLE | |
| Title | Accounting and Business Research |
| Volume number/sequential designation | 14:3 |
| 650 ## - SUBJECT ADDED ENTRY--TOPICAL TERM | |
| Topical term or geographic name as entry element | ACCOUNTING DISCOSURE |
| 650 ## - SUBJECT ADDED ENTRY--TOPICAL TERM | |
| Topical term or geographic name as entry element | COMPLIANCE |
| 650 ## - SUBJECT ADDED ENTRY--TOPICAL TERM | |
| Topical term or geographic name as entry element | COST OF EQUITY CAPITAL |
| 650 ## - SUBJECT ADDED ENTRY--TOPICAL TERM | |
| Topical term or geographic name as entry element | GOODWILL |
| Withdrawn status | Lost status | Damaged status | Home library | Current library | Date acquired | Total Checkouts | Date last seen | Price effective from | Koha item type |
|---|---|---|---|---|---|---|---|---|---|
| College Library | College Library | 04/19/2017 | 04/19/2017 | 04/19/2017 | Periodicals |